Legal research in a nutshell. (Record no. 14724)
[ view plain ]
| 000 -LEADER | |
|---|---|
| fixed length control field | 00450nam a22001577a 4500 |
| 008 - FIXED-LENGTH DATA ELEMENTS--GENERAL INFORMATION | |
| fixed length control field | 161007b xxu||||| |||| 00| 0 eng d |
| 020 ## - INTERNATIONAL STANDARD BOOK NUMBER | |
| International Standard Book Number | 0314147071 |
| 050 ## - LIBRARY OF CONGRESS CALL NUMBER | |
| Classification number | KF 240 .C64 2000 |
| 100 ## - MAIN ENTRY--PERSONAL NAME | |
| Personal name | Chen Morris L. |
| Dates associated with a name | 1996 |
| 245 ## - TITLE STATEMENT | |
| Title | Legal research in a nutshell. |
| Statement of responsibility, etc. | Morris L.Cohen |
| 250 ## - EDITION STATEMENT | |
| Edition statement | 8th ed |
| 260 ## - PUBLICATION, DISTRIBUTION, ETC. (IMPRINT) | |
| Place of publication, distribution, etc. | UN: |
| Name of publisher, distributor, etc. | Thomson west, |
| Date of publication, distribution, etc. | 2000. |
| 300 ## - PHYSICAL DESCRIPTION | |
| Extent | v,478p. |
| 700 ## - ADDED ENTRY--PERSONAL NAME | |
| Personal name | Olson,Kent C. |
| 942 ## - ADDED ENTRY ELEMENTS (KOHA) | |
| Source of classification or shelving scheme | |
| Koha item type | Hard Covered Materials |
| Classification part | KF 240 .C64 2000 |
| Withdrawn status | Lost status | Source of classification or shelving scheme | Damaged status | Not for loan | Home library | Current library | Date acquired | Source of acquisition | Total Checkouts | Full call number | Barcode | Date last seen | Price effective from | Koha item type |
|---|---|---|---|---|---|---|---|---|---|---|---|---|---|---|
| MACHAKOS UNIVERSITY LIBRARY | MACHAKOS UNIVERSITY LIBRARY | 07/10/2016 | Donation(B.F.A) | KF 240 .C64 2000 | 26319 | 07/10/2016 | 07/10/2016 | Hard Covered Materials |